Loading...
| History - World | 0 | 7 | 0 | 1 | 70 | 31 | 69.29 | 4 | 7 | 0.00 | 0.00 |
| History - Other | 0 | 6 | 0 | 3 | 60 | 61 | 105.33 | 4 | 6 | 0.00 | 0.00 |
| History - American | 0 | 7 | 3 | 0 | 55 | 38 | 52.14 | 6 | 7 | 0.00 | 0.00 |
| History - European | 0 | 5 | 2 | 0 | 40 | 13 | 39.00 | 5 | 5 | 0.00 | 0.00 |
| Religion | 0 | 3 | 0 | 1 | 30 | 83 | 96.33 | 1 | 3 | 0.00 | 0.00 |
| Science - Physics | 0 | 1 | 0 | 0 | 10 | 58 | 58.00 | 1 | 1 | 0.00 | 0.00 |
| Fine Arts - Painting & Sculpture | 0 | 1 | 0 | 0 | 10 | 101 | 101.00 | 0 | 0 | 0.00 | 0.00 |
| Literature - American | 0 | 1 | 0 | 0 | 10 | 114 | 114.00 | 0 | 1 | 0.00 | 0.00 |
| Philosophy | 0 | 1 | 0 | 0 | 10 | 110 | 110.00 | 0 | 1 | 0.00 | 0.00 |
| Science - Biology | 0 | 1 | 0 | 1 | 10 | 118 | 118.00 | 0 | 1 | 0.00 | 0.00 |
| Mythology | 0 | 1 | 1 | 0 | 5 | 102 | 102.00 | 1 | 1 | 0.00 | 0.00 |
| Science - Chemistry | 0 | 0 | 1 | 0 | -5 | 0.00 | 0 | 0 | 0.00 | 0.00 | |
| Fine Arts - Other | 0 | 0 | 2 | 0 | -10 | 0.00 | 0 | 0 | 0.00 | 0.00 |